[Event "ARG-chT"]
[Site "Villa Martelli"]
[Date "2024.09.21"]
[Round "5.3"]
[White "Fernandez Babasz, Santiago Ernesto"]
[Black "Bertorello, Juan Manuel"]
[Result "1/2-1/2"]
[WhiteElo "1979"]
[BlackElo "2271"]
[PlyCount "87"]
[EventDate "2024.08.31"]
[EventType "team-swiss"]
[EventRounds "8"]
[EventCountry "ARG"]
[SourceTitle "EXT 2025"]
[Source "ChessBase"]
[SourceDate "2024.10.14"]
[SourceVersion "1"]
[SourceVersionDate "2024.10.14"]
[SourceQuality "1"]
[WhiteTeam "Villa Ballester"]
[BlackTeam "Centro Univ CUV"]
[WhiteTeamCountry "ARG"]
[BlackTeamCountry "ARG"]

1. d4 Nf6 2. c4 e5 3. dxe5 Ng4 4. Bf4 Nc6 5. Nf3 Bb4+ 6. Nbd2 Qe7 7. e3 Ngxe5 8. Nxe5 Nxe5 9. Be2 0-0 10. 0-0 b6 11. Nb3 Bb7 12. Qd4 Rfe8 13. Rfd1 Rad8 14. a3 Bd6 15. Qc3 c5 16. Nc1 Qe6 17. Nd3 Nxd3 18. Bxd6 Qxd6 19. Rxd3 Qg6 20. Bf1 Be4 21. Rd2 d5 22. cxd5 Rxd5 23. Rxd5 Bxd5 24. b4 Rc8 25. Rd1 Qc6 26. Qe5 Bb3 27. Rd6 Qc7 28. bxc5 bxc5 29. Ba6 Rf8 30. Bd3 f6 31. Qf4 c4 32. Be4 c3 33. Rc6 Rd8 34. h3 Qxc6 35. Bxc6 c2 36. Bd5+ Rxd5 37. Qb8+ Kf7 38. Qc7+ Kg6 39. Qg3+ Kf7 40. Qc7+ Ke6 41. Qc6+ Rd6 42. Qc8+ Kf7 43. Kh2 Rd1 44. Qc7+ 1/2-1/2

[Event "Buenos Aires Vicente Lopez 23rd"]
[Site "Buenos Aires"]
[Date "2019.08.18"]
[Round "4"]
[White "Bertorello, Juan Manuel"]
[Black "Kapitanchuk, Tomas"]
[Result "0-1"]
[WhiteElo "2320"]
[BlackElo "2207"]
[PlyCount "96"]
[EventDate "2019.08.14"]
[EventType "tourn"]
[EventRounds "9"]
[EventCountry "ARG"]
[EventCategory "2"]
[SourceTitle "EXT 2020"]
[Source "ChessBase"]
[SourceDate "2019.10.17"]
[SourceVersion "1"]
[SourceVersionDate "2019.10.17"]
[SourceQuality "1"]

1. d4 Nf6 2. c4 e6 3. Nc3 c5 4. d5 exd5 5. cxd5 d6 6. e4 g6 7. f4 Bg7 8. Bb5+ Nfd7 9. a4 Qh4+ 10. g3 Qd8 11. Nf3 0-0 12. 0-0 a6 13. Bd3 Nf6 14. Kg2 Bg4 15. h3 Bxf3+ 16. Qxf3 Nbd7 17. Bd2 Rc8 18. g4 c4 19. Bc2 Nc5 20. g5 Nh5 21. a5 b5 22. axb6 Qxb6 23. Ra2 f6 24. h4 fxg5 25. hxg5 Nb3 26. Bxb3 Qxb3 27. Rxa6 Qxb2 28. Ra2 Qb3 29. Rf2 Bxc3 30. Bxc3 Nxf4+ 31. Kh2 Nxd5 32. Qh3 Qxc3 33. Qe6+ Kh8 34. exd5 Rxf2+ 35. Rxf2 Qe5+ 36. Qxe5+ dxe5 37. d6 c3 38. Rc2 Kg7 39. Kg3 Kf7 40. d7 Rd8 41. Rxc3 Ke6 42. Kg4 Rxd7 43. Rc6+ Rd6 44. Rc7 Rd4+ 45. Kg3 Rd7 46. Rc5 Kf5 47. Kh4 Rd4+ 48. Kh3 Rg4 0-1

[Event "ARG-chT"]
[Site "Villa Martelli"]
[Date "2017.08.05"]
[Round "1.2"]
[White "Bertorello, Juan Manuel"]
[Black "Axarlian, Carlos"]
[Result "1-0"]
[WhiteElo "2344"]
[BlackElo "1962"]
[PlyCount "39"]
[EventDate "2017.08.05"]
[EventType "team-swiss"]
[EventRounds "9"]
[EventCountry "ARG"]
[SourceTitle "CBM 180 Extra"]
[Source "ChessBase"]
[SourceDate "2017.10.06"]
[SourceVersion "1"]
[SourceVersionDate "2017.10.06"]
[SourceQuality "1"]
[WhiteTeam "Centro Univ CUV"]
[BlackTeam "Torre Blanca"]
[WhiteTeamCountry "ARG"]
[BlackTeamCountry "ARG"]

1. e4 c5 2. Nf3 d6 3. d4 cxd4 4. Nxd4 Nf6 5. Nc3 a6 6. Qf3 e6 7. g4 h6 8. Rg1 Nbd7 9. Be3 Qc7 10. 0-0-0 b5 11. a3 Bb7 12. Bd3 Rc8 13. h4 Ne5 14. Qe2 b4 15. axb4 d5 16. Bxa6 Nc4 17. Bb5+ Nd7 18. exd5 e5 19. Nc6 Qd6 20. Bxc4 1-0